| 000 | 00857nas a2200289 4500 | ||
|---|---|---|---|
| 001 | BR8600734 | ||
| 003 | BR-BrBNA | ||
| 005 | 20231205090341.0 | ||
| 007 | ta | ||
| 008 | 230509b bl.|||p| |||| 00| 00por d | ||
| 040 |
_aBR-BrBNA _bpor _cBiblioteca Nacional de Agricultura |
||
| 041 | _a(Pt) | ||
| 072 | _aL02; Q53 | ||
| 100 | 1 | _aTafuri, M.L. | |
| 100 | 1 | _aRodrigues, M.T. | |
| 245 | 1 | _aSubprodutos das industrias de oleos na alimentacao animal | |
| 246 | 1 | _aByproducts from oil industries in animal feeding | |
| 650 | _aNUTRICAO ANIMAL | ||
| 650 | _aOLEO VEGETAL | ||
| 650 | _aRACAO | ||
| 650 | _aSUBPRODUTO | ||
| 650 | _aRUMINANTE | ||
| 650 | _aANALISE QUIMICA | ||
| 773 | 0 |
_tRevista dos Criadores (Brazil) _xISSN 0034-9259 _g(Oct 1985), v. 55(669) p. 36-42 _wBR8600734 |
|
| 909 |
_a202311 _bLúcia _c55 _dLúcia Elande |
||
| 942 |
_2AGRIS _n0 _cANA |
||
| 999 |
_c117798 _d117798 |
||